00250nam a22000977a 4500008004100000041000800041080000800049100000700057101000800064245008000072181011b xxu||||| |||| 00| 0 eng d aeng a030 a23 aENC aMarx, Boswell, Herodotus and American State Papers.cBritannica Great Books